000 00357nam a2200133Ia 4500
008 240624s9999 xx 000 0 und d
041 _aeng
082 _a332.1095125 GEN
100 _aGENBERG HANS
245 _aBANKING SECTOR IN HONG KONG COMPETITION
260 _c2008
_aNew York
_bPalgrave Macmillan
300 _axxv, 280 p.; 23 cm.
365 _cERU
_b38
999 _c30662
_d30662